Les 50... Personnages de Kaamelott - Statistiques

Statistiques générales
  • Ce quiz a été pris 673 fois
  • Le résultat moyen est 32 sur 50
Statistiques - réponses
Par images Réponse % Correct
Arthur Pendragon
100%
Guenièvre
100%
Lancelot du lac
99%
Perceval de Galles
99%
Karadoc de Vannes
98%
Léodagan de Carmélide
98%
Bohort de Gaunes
97%
La dame du lac
97%
Merlin l'enchanteur
97%
Yvain
95%
Père Blaise
93%
Gauvain d'Orcanie
92%
Kadoc
90%
Séli
87%
Le Tavernier
86%
Loth Roi d'Orcanie
82%
Le Maître d'armes
81%
Elias de Kelliwic'h
78%
Attila
77%
Le Duc d'Aquitaine
77%
Venec
76%
Cæsar Imperator
75%
Calogrenant
75%
Roi Burgonde
73%
Ygern de Tintagel
72%
Mavanwi de Vannes
65%
Méléagant
62%
La Fée Morgane
60%
Guethenoc
59%
La Duchesse d'Aquitaine
58%
Demetra
56%
Angharad
54%
Hervé de Rinel
50%
Grüdü
48%
Roparzh
48%
Dagonet
45%
Le Répurgateur
45%
Galessin d'Orcanie
44%
Le Jurisconsulte
42%
Lionel de Gaunes
36%
Caius Camillus
32%
Prisca
31%
Azenor
29%
L'interprète
28%
Anton
26%
Aconia Minor
25%
Aelis
24%
Berlewen
14%
Fergus
8%
Nonna
7%
Aucun quiz correspondant
Distribution des résultats
% des personnes avec chaque résultat
Percentile par nombre de réponses
Votre historique - résultats
Vous n’avez pas pris ce quiz